| 000 | 00850cam a2200277 4500 | ||
|---|---|---|---|
| 008 | 090401t1998 xxu||||| |||| 00| 0 eng d | ||
| 020 | _a0117534587 | ||
| 035 | _a(Sirsi) u86326 | ||
| 041 | _aeng | ||
| 050 | _a306.1 | ||
| 110 |
_aUnited Kingdom _bDepartment of the Environment, Transport and the Regions _93507 |
||
| 245 | _aEnglish housing condition survey 1996. | ||
| 260 |
_aLondon _bStationery Office _c1998 |
||
| 300 | _a124p. ; 30cm. | ||
| 350 | _a50 | ||
| 520 | _aFurther information is available on the Internet site http:\www.detr.gov.uk. | ||
| 650 | _aENGLISH HOUSE CONDITION SURVEY 1996 | ||
| 650 | _aHOUSING STOCK | ||
| 650 | _aHOUSING | ||
| 650 | _aSTATISTICS | ||
| 650 | _aUNFIT DWELLINGS | ||
| 690 | _aHOUSING | ||
| 856 | _uhttps://www.communities.gov.uk/index.asp?id=1155846 | ||
| 942 | _n0 | ||
| 948 | _c21/05/1998 | ||
| 999 |
_c97130 _d97130 |
||